000 00836nam a2200241 a 4500
001 000023384
005 20200930022200.0
008 101206s1993 sp r 000 0 spa d
020 _a8474612578
040 _aDO-SdBNP
_bspa
_cBNPHU
082 _a891.73
_bG613ta
100 1 _aGogol, Nikolai
_948167
245 1 0 _aTaras Bulba y otros cuentos /
_cNikolai Gogol ; prólogo J. Enrique García Melero.
260 _aMadrid :
_bClub Internacional del Libro,
_c1993.
300 _a181 p. ;
_c22 cm.
490 1 _aGrandes genios de la literatura universal
500 _aIncluye referencia biográfica del autor en el prólogo.
650 4 _aCuentos ruso
_925532
650 4 _aLiteratura rusa
_94743
700 1 _aGarcía Melero, J. Enrique,
_epról.
_948168
830 0 _aGrandes genios de la literatura universal
_97077
049 _aBNGR
999 _c22881
_d22881